| 000 | 00352nam a22001337a 4500 | ||
|---|---|---|---|
| 003 | SGT | ||
| 082 |
_a615.53 _bR14P |
||
| 100 | _aPADHI,M.M, ED | ||
| 245 | _aREVIEW OF MEDICINAL PLANTS USED IN VETERINARY SCIENCES | ||
| 260 |
_aDELHI _bI MINISTRY OF HEALTH & FAMILY WELFARE _c2014 |
||
| 300 | _a806 | ||
| 650 | _aAYURVEDA MEDICINAL PLANTS | ||
| 942 |
_2ddc _cBK |
||
| 999 |
_c8662 _d8662 |
||